00859nam a2200193 a 4500008004100000050002700041110006000068245011600128260003700244300002000281350000900301490004800310500001100358650002000369710004700389995008300436999001700519952012900536090617s1968 ||||||||||||||||| || u aGOV.ZAM(05)RGS/1968/11 aGovernment of the Republic of Zambia. Ministry of Mines10aRecords of the Geological SurveycRepublic of Zambia. Ministry of Lands and Mines. Geological Survey Department aLusakabGovernment Printerc1968 avii, 75p.: ill. a0.00 aNorthern Rhodesia Geological Survey Reports aVol.11 aGEOLOGY--ZAMBIA aGovernment of the Republic of Zambia (GRZ) FCBU-MAIN LIBRARY (Kitwe)I0.00M1UAVAILABLEWApr 2, 2015ZZambiana Collection c55780d55780 00102lcc4070a001b001cZambiana Collectiond2022-11-30l0oGOV.ZAM(05)RGS/1968/11p03004151r2022-11-30w2022-11-30y002